Eliteserien Teams 2025/26 - Statistics

General Stats
  • This quiz has been taken 45 times
  • The average score is 12 of 16
Answer Stats
Answer % Correct
FK Bodø/Glimt
100%
Molde FK
94%
Rosenborg BK
94%
Tromsø IL
90%
Viking FK
90%
SK Brann
81%
Lillestrøm SK
77%
KFUM-Kameratene Oslo
74%
Sandefjord Fotball
74%
Fredrikstad FK
71%
IK Start
71%
Kristiansund BK
71%
Vålerenga Fotball Elite
71%
Sarpsborg 08 FF
68%
Hamarkameratene
58%
Aalesunds FK
19%
No matching quizzes found
Score Distribution
Percent of People with Each Score
Percentile by Number Answered
Your Score History
You have not taken this quiz